[Event "Satka Autumn 2019"]
[Site "Satka"]
[Date "2019.09.26"]
[Round "8.21"]
[White "Telelyukhina, Elizaveta"]
[Black "Aleshina, Arina"]
[Result "0-1"]
[WhiteElo "1445"]
[BlackElo "1365"]
[PlyCount "48"]
[EventDate "2019.09.19"]

1. Nf3 f5 2. c4 Nf6 3. b3 d6 4. Bb2 e5 5. d4 e4 6. Nfd2 c6 7. e3 d5 8. Nc3 Be7
9. Be2 O-O 10. O-O Be6 11. Re1 Qe8 12. Rc1 g5 13. cxd5 Nxd5 14. Nxd5 cxd5 15.
Rc7 Bd6 16. Rc2 Qg6 17. Nf1 Nc6 18. a3 f4 19. Bh5 Qh6 20. Bg4 Nd8 21. b4 Qh4
22. Bxe6+ Nxe6 23. Bc1 f3 24. gxf3 exf3 0-1

[Event "Satka Autumn 2019"]
[Site "Satka"]
[Date "2019.09.26"]
[Round "8.22"]
[White "Skobochkina, Maria"]
[Black "Sogoyan, Milena"]
[Result "0-1"]
[WhiteElo "1432"]
[BlackElo "1361"]
[PlyCount "88"]
[EventDate "2019.09.19"]

1. e4 c5 2. Nf3 Nc6 3. d4 cxd4 4. Nxd4 g6 5. Nc3 Bg7 6. Be3 d6 7. Qd2 Nf6 8. f3
O-O 9. O-O-O a6 10. g4 Bd7 11. h4 h5 12. gxh5 Nxh5 13. f4 Nxd4 14. Bxd4 Bxd4
15. Qxd4 Nxf4 16. Rg1 Qc8 17. Nd5 Nxd5 18. Qxd5 Bg4 19. Bh3 e6 20. Qg5 Bxd1 21.
Rxd1 Qc5 22. Qg3 Rac8 23. c3 Qe5 24. Qg2 Qf4+ 25. Kb1 Rc4 26. Ka1 Qxe4 27. Qg1
Qe5 28. Re1 Re4 29. Rf1 Rxh4 30. Bg2 Rg4 31. Qh1 Qh5 32. Bxb7 Qxh1 33. Rxh1 a5
34. Kb1 Rg5 35. Rd1 d5 36. Rd2 Re5 37. Ba6 f5 38. Kc2 f4 39. Rf2 g5 40. Bf1 Re3
41. Kd2 e5 42. Bg2 e4 43. b4 axb4 44. cxb4 Rb8 0-1

[Event "Satka Autumn 2019"]
[Site "Satka"]
[Date "2019.09.27"]
[Round "9.13"]
[White "Aleshina, Arina"]
[Black "Turebayeva, Alfiya"]
[Result "1/2-1/2"]
[WhiteElo "1365"]
[BlackElo "2076"]
[PlyCount "88"]
[EventDate "2019.09.19"]

1. d4 d5 2. c4 dxc4 3. e4 Nc6 4. Nf3 Bg4 5. d5 Ne5 6. Qa4+ Bd7 7. Qd1 Nxf3+ 8.
Qxf3 b5 9. Nc3 c6 10. a4 b4 11. dxc6 Bxc6 12. Bxc4 Nf6 13. Nd5 e6 14. Nxf6+
Qxf6 15. Qxf6 gxf6 16. Be3 a6 17. f3 Bd6 18. O-O Ke7 19. b3 h5 20. Rac1 Bb7 21.
Be2 Rac8 22. Rxc8 Rxc8 23. Rc1 Rxc1+ 24. Bxc1 Bc5+ 25. Kf1 Bd4 26. Bc4 Kd6 27.
Ke2 h4 28. h3 Ke5 29. Kd3 Bc3 30. Be3 f5 31. f4+ Kd6 32. exf5 exf5 33. Bf2 Bxg2
34. Bxh4 Bxh3 35. Ke3 Bg2 36. Bxf7 Bb2 37. Bg5 Be4 38. Bc4 Bb7 39. Bh6 Bc1+ 40.
Kd4 Bb2+ 41. Ke3 Ke7 42. Bg5+ Kf8 43. Be6 Be4 44. Bc4 Bb7 1/2-1/2

[Event "Satka Autumn 2019"]
[Site "Satka"]
[Date "2019.09.27"]
[Round "9.14"]
[White "Stroganova, Karina"]
[Black "Kalenichenko, Alina"]
[Result "1/2-1/2"]
[WhiteElo "1885"]
[BlackElo "1597"]
[PlyCount "127"]
[EventDate "2019.09.19"]

1. d4 Nf6 2. Nf3 g6 3. c4 Bg7 4. g3 O-O 5. Bg2 d6 6. O-O c5 7. Nc3 Nc6 8. e4
Bg4 9. Be3 cxd4 10. Bxd4 Nxd4 11. Qxd4 Nd7 12. Qe3 Nb6 13. b3 a5 14. Rad1 a4
15. c5 Rc8 16. b4 Nc4 17. Qf4 Nb2 18. Rc1 Be6 19. Qd2 Nc4 20. Qc2 dxc5 21. Qxa4
cxb4 22. Qxb4 Qa5 23. Qxa5 Nxa5 24. Nd5 Bxd5 25. exd5 Bb2 26. Rce1 Rc7 27. Re2
Bf6 28. Ne5 h5 29. Rb1 Rfc8 30. Bh3 Rc1+ 31. Rxc1 Rxc1+ 32. Kg2 Rd1 33. f4 Rxd5
34. Nxg6 Nc6 35. Nh4 Nd4 36. Rd2 Rc5 37. Nf3 Nxf3 38. Kxf3 Rc3+ 39. Ke4 h4 40.
Rg2 hxg3 41. hxg3 b5 42. Bd7 b4 43. Ba4 Rc4+ 44. Kd5 Rc3 45. Bb3 Kg7 46. g4
Rd3+ 47. Kc5 Bc3 48. f5 Rf3 49. Re2 Kf6 50. Rg2 Kg7 51. Bc2 Re3 52. g5 Re5+ 53.
Kc4 Ra5 54. Bd3 Ra7 55. Rh2 Be5 56. Rg2 Bd6 57. g6 Rc7+ 58. Kd4 Rc3 59. gxf7+
Kxf7 60. Bc4+ Kf6 61. Be6 Rg3 62. Re2 Rg4+ 63. Kd5 Rg3 64. Kc6 1/2-1/2

[Event "Satka Autumn 2019"]
[Site "Satka"]
[Date "2019.09.27"]
[Round "9.15"]
[White "Nikulina, Anastasiya"]
[Black "Svetlova, Ksenia"]
[Result "0-1"]
[WhiteElo "1540"]
[BlackElo "1875"]
[PlyCount "116"]
[EventDate "2019.09.19"]

1. e4 c5 2. Nf3 Nc6 3. d4 cxd4 4. Nxd4 g6 5. Nc3 Bg7 6. Be3 Nf6 7. Be2 O-O 8.
Qd2 d5 9. exd5 Nxd5 10. Nxd5 Qxd5 11. Bf3 Qd6 12. Nxc6 Qxd2+ 13. Bxd2 bxc6 14.
c3 Rb8 15. O-O-O Be6 16. b3 c5 17. c4 Rb6 18. Be3 Ra6 19. Rd2 Bc3 20. Re2 Bb4
21. Bg5 Bf5 22. Kb2 f6 23. Bh6 Re8 24. Bd2 Bd3 25. Re3 Bxd2 26. Rxd3 Bf4 27.
Rd7 Be5+ 28. Kb1 Kf8 29. Re1 Rb8 30. Re2 Ke8 31. Rd1 Rab6 32. g3 a5 33. Rd3 a4
34. Kc2 axb3+ 35. axb3 Ra6 36. h4 Bd4 37. h5 Ra2+ 38. Kd1 Ra1+ 39. Kc2 Rf1 40.
hxg6 hxg6 41. Bc6+ Kf8 42. g4 Rxf2 43. Rxf2 Bxf2 44. Be4 Kf7 45. Rh3 Kg7 46.
Rh1 e6 47. Rf1 Bd4 48. Bd3 Rh8 49. Re1 Rh2+ 50. Be2 f5 51. Kd3 e5 52. gxf5 gxf5
53. Rf1 e4+ 54. Kd2 Kf6 55. Kd1 Ke5 56. Kd2 f4 57. Kd1 Bf2 58. Kd2 f3 0-1

[Event "Satka Autumn 2019"]
[Site "Satka"]
[Date "2019.09.27"]
[Round "9.16"]
[White "Sultanova, Kristina"]
[Black "Zyapaeva, Polina"]
[Result "0-1"]
[WhiteElo "1201"]
[BlackElo "1808"]
[PlyCount "100"]
[EventDate "2019.09.19"]

1. c4 Nf6 2. Nc3 e6 3. d4 Bb4 4. a3 Bxc3+ 5. bxc3 c5 6. Bg5 Qa5 7. Bd2 Nc6 8.
Nf3 d6 9. Qc2 e5 10. d5 Ne7 11. e4 Ng6 12. Bd3 Bd7 13. a4 Nh5 14. Qa2 Nhf4 15.
Bf1 f5 16. g3 fxe4 17. Ng5 Nh5 18. Nxe4 Qc7 19. Bg2 O-O 20. O-O h6 21. a5 Bf5
22. Be3 Nf6 23. Nxf6+ Rxf6 24. Rfd1 e4 25. Rab1 Ne5 26. Rb3 Nxc4 27. a6 b6 28.
Bf4 g5 29. Be3 Qd7 30. Rbb1 Ne5 31. c4 Bg4 32. Rdc1 Nf3+ 33. Kh1 Bh3 34. Qb2
Raf8 35. Qc2 Qg4 36. Ra1 Qh5 37. Qb2 Bxg2+ 38. Kxg2 Qxh2+ 39. Kf1 Nd4 40. Bxd4
cxd4 41. Rc2 d3 42. f4 Qh1+ 43. Kf2 Qf3+ 44. Kg1 dxc2 45. Qxc2 Qxg3+ 46. Kh1
Rxf4 47. Qg2 Qe3 48. Ra3 Rh4+ 49. Qh2 Rf1+ 50. Kg2 Qf2# 0-1

[Event "Satka Autumn 2019"]
[Site "Satka"]
[Date "2019.09.27"]
[Round "9.17"]
[White "Lebedeva, Ulyana"]
[Black "Kanter, Elizaveta"]
[Result "1-0"]
[WhiteElo "1660"]
[BlackElo "1291"]
[PlyCount "83"]
[EventDate "2019.09.19"]

1. Nf3 Nf6 2. d4 g6 3. Nc3 Bg7 4. e4 d5 5. e5 Ne4 6. Nxe4 dxe4 7. Ng5 Bf5 8. g4
Bd7 9. Bc4 e6 10. Nxe4 Bc6 11. Bg5 Qc8 12. Qd3 Bxe4 13. Qxe4 Nd7 14. O-O-O c5
15. Bb5 O-O 16. Bxd7 Qxd7 17. Bf6 Qa4 18. Kb1 Rfc8 19. c3 Rc6 20. Qc2 Qa5 21.
Bxg7 Kxg7 22. f4 Ra6 23. a3 Rb6 24. dxc5 Qxc5 25. Ka1 Rc8 26. h4 Ra6 27. h5 g5
28. h6+ Kh8 29. Qd2 Qc7 30. fxg5 b5 31. Qf4 Qe7 32. Rd7 Qf8 33. Rxf7 Qd8 34.
Qe4 Qg8 35. Rg7 Rc4 36. Rxg8+ Kxg8 37. Qa8+ Kf7 38. Qb7+ Ke8 39. Qxa6 Kd8 40.
Rd1+ Kc7 41. Qxa7+ Kc6 42. Rd6# 1-0

[Event "Satka Autumn 2019"]
[Site "Satka"]
[Date "2019.09.27"]
[Round "9.18"]
[White "Sogoyan, Milena"]
[Black "Voskresenskaya, Marta"]
[Result "0-1"]
[WhiteElo "1361"]
[BlackElo "1907"]
[PlyCount "100"]
[EventDate "2019.09.19"]

1. c4 c6 2. d4 d5 3. e3 Nf6 4. Nc3 e6 5. Nf3 Nbd7 6. Bd3 dxc4 7. Bxc4 b5 8. Be2
a6 9. O-O Be7 10. h3 Bb7 11. a3 c5 12. dxc5 Nxc5 13. b4 Ncd7 14. Bb2 O-O 15.
Rc1 Rc8 16. Qb3 Bd6 17. Rfd1 Qe7 18. Rd2 Nb6 19. Qd1 Bb8 20. Bd3 Nc4 21. Rdc2
Qc7 22. Bxc4 bxc4 23. e4 Rfd8 24. Qe2 Qf4 25. Rd2 Nxe4 26. Nxe4 Bxe4 27. Rxd8+
Rxd8 28. Qe3 Qxe3 29. fxe3 Rc8 30. Nd2 Bd3 31. g4 f6 32. Nf3 Kf7 33. Kf2 Ba7
34. g5 h6 35. h4 hxg5 36. hxg5 Bb6 37. gxf6 gxf6 38. Bc3 Rh8 39. Rg1 Rh5 40. a4
Rf5 41. Rg3 e5 42. Kg2 Ke6 43. Nd2 e4 44. a5 Bc7 45. Rg8 Rg5+ 46. Rxg5 fxg5 47.
Kh3 Kd5 48. Kg4 Bd8 49. Kf5 Be2 50. Nxe4 Bd3 0-1

[Event "Satka Autumn 2019"]
[Site "Satka"]
[Date "2019.09.27"]
[Round "9.19"]
[White "Lebedeva, Lubov E."]
[Black "Kulkova, Dina"]
[Result "1-0"]
[WhiteElo "1802"]
[BlackElo "1424"]
[PlyCount "55"]
[EventDate "2019.09.19"]

1. e4 c5 2. Nf3 e6 3. d4 cxd4 4. Nxd4 Nf6 5. Nc3 d6 6. Be2 a6 7. O-O Qc7 8. f4
Be7 9. Kh1 O-O 10. Qe1 b5 11. Bf3 Bb7 12. e5 Bxf3 13. exf6 Bxg2+ 14. Kxg2 Bxf6
15. Nf3 b4 16. Ne4 Qxc2+ 17. Rf2 Qa4 18. Nxf6+ gxf6 19. f5 e5 20. Bh6 Rd8 21.
Qe4 Kh8 22. Qxa8 b3 23. a3 Qg4+ 24. Kh1 Qxf5 25. Rg1 Re8 26. Nxe5 Qxe5 27. Bg7+
Kg8 28. Bxf6+ 1-0

[Event "Satka Autumn 2019"]
[Site "Satka"]
[Date "2019.09.27"]
[Round "9.20"]
[White "Krylova, Mariya"]
[Black "Dubovikova, Rada"]
[Result "1-0"]
[WhiteElo "1543"]
[BlackElo "1096"]
[PlyCount "67"]
[EventDate "2019.09.19"]

1. e4 e5 2. Nf3 d5 3. exd5 e4 4. Qe2 Nf6 5. Nc3 Be7 6. Nxe4 O-O 7. Nxf6+ Bxf6
8. d4 Qxd5 9. Be3 Nc6 10. Qb5 Qd8 11. O-O-O a6 12. Qh5 Ne7 13. Bd3 Ng6 14. g4
b5 15. Be4 Rb8 16. g5 Be7 17. Ne5 Bb7 18. Bxb7 Rxb7 19. f4 Nxe5 20. dxe5 Qc8
21. Rhg1 c5 22. Qf3 c4 23. f5 b4 24. f6 Bd8 25. fxg7 Kxg7 26. Rd6 a5 27. Bd4
Kg8 28. Rh6 Rd7 29. Qe4 f6 30. gxf6+ Kh8 31. e6 Rxd4 32. Qxd4 Qxe6 33. Rxh7+
Kxh7 34. Qh4# 1-0

[Event "Satka Autumn 2019"]
[Site "Satka"]
[Date "2019.09.27"]
[Round "9.22"]
[White "Zaitseva, Arina"]
[Black "Telelyukhina, Elizaveta"]
[Result "0-1"]
[WhiteElo "1120"]
[BlackElo "1445"]
[PlyCount "102"]
[EventDate "2019.09.19"]

1. c4 Nf6 2. Nc3 e6 3. g3 d5 4. cxd5 Nxd5 5. Bg2 c6 6. Nf3 Nd7 7. O-O Be7 8.
Nxd5 exd5 9. d3 Nf6 10. Bf4 O-O 11. Qd2 Re8 12. h3 Be6 13. Bg5 Qd7 14. Kh2 Rad8
15. Ne5 Qc7 16. Qe3 d4 17. Qf4 Nd5 18. Bxd5 Bxg5 19. Qxg5 Rxd5 20. f4 f6 21.
Qh5 Red8 22. Rf2 fxe5 23. fxe5 Qxe5 24. Qh4 Qh5 25. Qxh5 Rxh5 26. h4 Rf5 27.
Rxf5 Bxf5 28. Rf1 Be6 29. a3 Rf8 30. Rxf8+ Kxf8 31. Kg2 Kf7 32. Kf3 Kf6 33. Ke4
c5 34. b4 b6 35. bxc5 bxc5 36. e3 dxe3 37. Kxe3 Ke5 38. Kd2 Kd4 39. Kc2 Bf5 40.
Kc1 Bxd3 41. Kd2 c4 42. Kc1 c3 43. Kd1 c2+ 44. Kc1 Ke3 45. g4 h6 46. g5 hxg5
47. hxg5 g6 48. a4 a5 49. Kb2 Kd2 50. Ka1 Bc4 51. Kb2 c1=Q# 0-1

[Event "Satka Autumn 2019"]
[Site "Satka"]
[Date "2019.09.27"]
[Round "9.23"]
[White "Shafikova, Irina"]
[Black "Donia, Anastasiia"]
[Result "0-1"]
[WhiteElo "1200"]
[BlackElo "1132"]
[PlyCount "70"]
[EventDate "2019.09.19"]

1. e4 c6 2. d4 d5 3. e5 Bf5 4. c4 e6 5. Nc3 Ne7 6. Bg5 Qb6 7. b3 Nd7 8. Na4
Qa5+ 9. Bd2 Qc7 10. c5 f6 11. f4 b6 12. b4 bxc5 13. bxc5 Qb7 14. Nf3 Ng6 15.
Be2 Be7 16. O-O Qc8 17. Kh1 h5 18. Ng1 h4 19. Bg4 Bxg4 20. Qxg4 Kf7 21. exf6
Nxf6 22. Qf3 Ne4 23. Be3 Qa6 24. Nh3 Bf6 25. Ng5+ Ke7 26. Nxe4 dxe4 27. Qxe4
Kf7 28. Nb2 h3 29. g3 Rad8 30. Nd3 Qc4 31. Ne5+ Bxe5 32. fxe5+ Ke7 33. Qxg6
Qd5+ 34. Rf3 Qxf3+ 35. Kg1 Qg2# 0-1